[Event "Hospitalet de Llobregat Ponce 11th"]
[Site "Hospitalet de Llobregat"]
[Date "2022.06.18"]
[Round "9"]
[White "Lopez Baena, David"]
[Black "Montemar Mendoza, Armando Eduardo"]
[Result "1-0"]
[WhiteElo "1906"]
[BlackElo "1494"]
[PlyCount "115"]
[EventDate "2022.04.23"]
[EventType "swiss"]
[EventRounds "9"]
[EventCountry "ESP"]
[SourceTitle "EXT 2023"]
[Source "ChessBase"]
[SourceDate "2022.10.05"]
[SourceVersion "1"]
[SourceVersionDate "2022.10.05"]
[SourceQuality "1"]

1. Nf3 d5 2. g3 Nf6 3. Bg2 Bf5 4. 0-0 e6 5. d3 h6 6. Nbd2 c6 7. Ne5 Nbd7 8. e4 Bh7 9. Nxd7 Nxd7 10. Qe2 dxe4 11. dxe4 Qc7 12. a4 a5 13. Nc4 e5 14. Be3 Bc5 15. Rfd1 Bxe3 16. Qxe3 0-0 17. Bh3 Nf6 18. f3 Rfd8 19. Qc5 Rd4 20. Qxe5 Qxe5 21. Nxe5 Rad8 22. Nd3 g5 23. Bf5 Bxf5 24. exf5 Kg7 25. g4 c5 26. Re1 b6 27. Re2 c4 28. Nf2 Rd2 29. Rae1 R8d5 30. Ne4 Rd1 31. Kf2 Rxe1 32. Kxe1 b5 33. Nc3 Rc5 34. Nxb5 Nd5 35. Re8 Nb4 36. Na3 Kf6 37. Re4 c3 38. b3 Nc6 39. Nc4 Ne5 40. Nxe5 Rxe5 41. Ke2 Rd5 42. Ke1 Re5 43. Rxe5 Kxe5 44. Ke2 Kd4 45. Kf2 f6 46. Ke2 Kd5 47. Kd3 Ke5 48. Kxc3 Kd6 49. b4 Kc6 50. bxa5 Kb7 51. Kb4 Kc6 52. c4 Kc7 53. Kc5 Kb7 54. Kd6 Kc8 55. a6 Kb8 56. c5 Kc8 57. c6 Kb8 58. Ke6 1-0

[Event "Hospitalet de Llobregat Ponce 11th"]
[Site "Hospitalet de Llobregat"]
[Date "2022.05.28"]
[Round "6"]
[White "Lopez Baena, David"]
[Black "Fernandez Benito, Francisco Javier"]
[Result "0-1"]
[WhiteElo "1906"]
[BlackElo "1673"]
[PlyCount "66"]
[EventDate "2022.04.23"]
[EventType "swiss"]
[EventRounds "9"]
[EventCountry "ESP"]
[SourceTitle "EXT 2023"]
[Source "ChessBase"]
[SourceDate "2022.10.05"]
[SourceVersion "1"]
[SourceVersionDate "2022.10.05"]
[SourceQuality "1"]

1. Nf3 d5 2. g3 Nf6 3. Bg2 Bf5 4. d3 e6 5. Nbd2 Be7 6. 0-0 0-0 7. Ne5 Nbd7 8. Nxd7 Qxd7 9. e4 Bg4 10. Qe1 dxe4 11. dxe4 e5 12. Nc4 Qe6 13. Qc3 Be2 14. Nxe5 Bxf1 15. Kxf1 Bd6 16. f4 Rfe8 17. Be3 Bxe5 18. fxe5 Ng4 19. Bg1 Rad8 20. Ke2 Qxe5 21. Qxe5 Nxe5 22. Rd1 Rxd1 23. Kxd1 b6 24. b3 c5 25. a4 f6 26. a5 Kf7 27. axb6 axb6 28. h3 Ra8 29. Be3 g5 30. g4 Ke6 31. Bf2 Ra2 32. b4 cxb4 33. Bxb6 b3 0-1

[Event "Hospitalet de Llobregat op 4th"]
[Site "Hospitalet de Llobregat"]
[Date "2019.04.06"]
[Round "1"]
[White "Ruiz Trepat, Sergio"]
[Black "Lopez Baena, David"]
[Result "1/2-1/2"]
[WhiteElo "1581"]
[BlackElo "2011"]
[PlyCount "47"]
[EventDate "2019.04.06"]
[EventType "swiss"]
[EventRounds "9"]
[EventCountry "ESP"]
[SourceTitle "CBM 190 Extra"]
[Source "ChessBase"]
[SourceDate "2019.07.15"]
[SourceVersion "1"]
[SourceVersionDate "2019.07.15"]
[SourceQuality "1"]

1. e4 g6 2. d4 Bg7 3. Nf3 a6 4. Bc4 e6 5. Bg5 Ne7 6. Bb3 h6 7. Be3 d5 8. Nbd2 0-0 9. e5 Nf5 10. Nf1 c5 11. c3 Nc6 12. Ng3 Nxe3 13. fxe3 Qb6 14. Rb1 Bd7 15. 0-0 Ne7 16. Bc2 Nf5 17. Qe1 Rae8 18. Kh1 Bb5 19. Nxf5 exf5 20. Rg1 f6 21. Qg3 fxe5 22. Nh4 exd4 23. exd4 Re6 24. dxc5 1/2-1/2

[Event "Barcelona Ponce Memorial 3rd"]
[Site "Barcelona"]
[Date "2018.05.26"]
[Round "8"]
[White "Lopez Baena, David"]
[Black "Castrillo Mansego, Pablo"]
[Result "1-0"]
[WhiteElo "2018"]
[BlackElo "1990"]
[PlyCount "64"]
[EventDate "2018.04.07"]
[EventType "swiss"]
[EventRounds "9"]
[EventCountry "ESP"]
[SourceTitle "CBM 184 Extra"]
[Source "ChessBase"]
[SourceDate "2018.06.28"]
[SourceVersion "1"]
[SourceVersionDate "2018.06.28"]
[SourceQuality "1"]

1. e4 d6 2. Nc3 Nf6 3. g3 g6 4. Bg2 Bg7 5. d3 c5 6. Nge2 Nc6 7. 0-0 e5 8. Bg5 h6 9. Bd2 Be6 10. Nd5 Qd7 11. Nxf6+ Bxf6 12. Nc3 0-0-0 13. Nd5 Bg7 14. b4 Ne7 15. c4 Bxd5 16. cxd5 Kb8 17. bxc5 dxc5 18. Qb3 Nc8 19. Rfc1 Bf8 20. Rab1 b6 21. Be3 Qc7 22. d4 exd4 23. Bxd4 Bd6 24. f4 Rhe8 25. e5 Bf8 26. d6 Nxd6 27. exd6 Bxd6 28. Qf3 Kc8 29. Bf6 Be7 30. Bxe7 Rxe7 31. Qa8+ Qb8 32. Rxc5+ Rc7 1-0

[Event "Cornella Pinol Memorial 5th"]
[Site "Cornella de Llobregat"]
[Date "2017.11.20"]
[Round "9"]
[White "Lopez Baena, David"]
[Black "Prats Rodriguez, Juan Bosco"]
[Result "1-0"]
[WhiteElo "2021"]
[BlackElo "1988"]
[PlyCount "89"]
[EventDate "2017.09.25"]
[EventType "swiss"]
[EventRounds "9"]
[EventCountry "ESP"]
[SourceTitle "CBM 181 Extra"]
[Source "ChessBase"]
[SourceDate "2017.12.12"]
[SourceVersion "1"]
[SourceVersionDate "2017.12.12"]
[SourceQuality "1"]

1. c4 e5 2. Nc3 Nc6 3. g3 d6 4. Bg2 Be6 5. Nf3 Qd7 6. Nd5 h6 7. d3 Nd8 8. 0-0 c6 9. Ne3 Nf6 10. d4 e4 11. d5 Bh3 12. Nd4 Bxg2 13. Kxg2 c5 14. Nb5 Be7 15. Qc2 0-0 16. Nc3 Re8 17. Nxe4 Nxe4 18. Qxe4 Bf6 19. Qf3 b5 20. Ng4 Bg5 21. Bxg5 hxg5 22. Ne3 Nb7 23. b3 Re5 24. cxb5 Qxb5 25. Nc4 Re7 26. e4 Rae8 27. Rfe1 Qd7 28. g4 g6 29. Re3 Kg7 30. Rae1 f6 31. Qg3 Rh8 32. f4 gxf4 33. Qxf4 Rh4 34. h3 Rh8 35. Rf1 Rf7 36. Ref3 Rhf8 37. Ne3 Qe7 38. Rg3 Re8 39. Kf3 Rff8 40. Nf5+ gxf5 41. gxf5+ Kf7 42. Qg4 Rg8 43. Qh5+ Kf8 44. Rxg8+ Kxg8 45. Rg1+ 1-0

[Event "Cornella Pinol Memorial 4th"]
[Site "Cornella de Llobregat"]
[Date "2016.11.07"]
[Round "7"]
[White "Lopez Baena, David"]
[Black "Garcia Ruiz, Adrian"]
[Result "1-0"]
[WhiteElo "2019"]
[BlackElo "1904"]
[PlyCount "81"]
[EventDate "2016.09.26"]
[EventType "swiss"]
[EventRounds "9"]
[EventCountry "ESP"]
[SourceTitle "EXT 2018"]
[Source "ChessBase"]
[SourceDate "2017.10.13"]
[SourceVersion "1"]
[SourceVersionDate "2017.10.13"]
[SourceQuality "1"]

1. c4 e5 2. Nc3 Nf6 3. Nf3 Nc6 4. e4 Bc5 5. Nxe5 Nxe5 6. d4 Bb4 7. dxe5 Nxe4 8. Qf3 Nxc3 9. bxc3 Bc5 10. Qg3 g6 11. Bh6 Bf8 12. Bxf8 Kxf8 13. Bd3 Kg7 14. 0-0 f6 15. exf6+ Kxf6 16. Rae1 d6 17. Qh4+ Kg7 18. Qd4+ Kf7 19. c5 d5 20. Re5 Be6 21. Rfe1 Re8 22. Qe3 Qd7 23. Qh6 Kf6 24. g4 Bg8 25. Qf4+ Kg7 26. g5 Bf7 27. Qe3 Kf8 28. Rb1 c6 29. f4 Qc8 30. Rf1 Be6 31. f5 Bxf5 32. Bxf5 gxf5 33. Rexf5+ Kg8 34. Qf3 Qe6 35. Rf6 Qe7 36. Rf7 Qxc5+ 37. Kh1 Rf8 38. g6 hxg6 39. Qf6 Rxf7 40. Qxf7+ Kh8 41. Rf3 1-0

[Event "Barcelona Sants op-B 18th"]
[Site "Barcelona"]
[Date "2016.08.23"]
[Round "5"]
[White "Lopez Baena, David"]
[Black "Perez Garcia, Jose Miguel"]
[Result "0-1"]
[WhiteElo "2019"]
[BlackElo "1931"]
[PlyCount "176"]
[EventDate "2016.08.19"]
[EventType "swiss"]
[EventRounds "10"]
[EventCountry "ESP"]
[SourceTitle "CBM 174 Extra"]
[Source "ChessBase"]
[SourceDate "2016.10.10"]
[SourceVersion "1"]
[SourceVersionDate "2016.10.10"]
[SourceQuality "1"]

1. d4 Nf6 2. Nf3 c5 3. d5 d6 4. Nc3 g6 5. e4 Bg7 6. Be2 0-0 7. 0-0 Bg4 8. h3 Bxf3 9. Bxf3 Nfd7 10. Bg5 Na6 11. Qd2 Rb8 12. a4 Re8 13. Be2 Qa5 14. Nd1 Qxd2 15. Bxd2 Nc7 16. Bb5 Red8 17. Bc3 Nf6 18. Bd3 b6 19. b3 e6 20. dxe6 Nxe6 21. Re1 Nf4 22. Bc4 Re8 23. f3 d5 24. Bb5 Re6 25. Nf2 dxe4 26. Nxe4 Nxe4 27. Bxg7 Kxg7 28. fxe4 Rd8 29. Rad1 Red6 30. Rxd6 Rxd6 31. Rf1 g5 32. h4 h6 33. hxg5 hxg5 34. Bc4 f6 35. Rf2 Ng6 36. Bd5 Nf4 37. c4 Kg6 38. Rd2 Kg7 39. Kf2 Ne6 40. g3 Nd4 41. b4 Rd8 42. bxc5 bxc5 43. Rb2 Rd7 44. a5 Kf8 45. a6 Ke7 46. Rb8 Nc2 47. Rc8 Nb4 48. Bb7 Rd2+ 49. Ke1 Ra2 50. Ra8 Nxa6 51. Rxa7 Nb4 52. Rxa2 Nxa2 53. Kd2 Kd6 54. Ke3 Ke5 55. Bd5 Nc3 56. Bb7 Nd1+ 57. Kd3 Nb2+ 58. Kc3 Na4+ 59. Kd3 Nb6 60. Bc6 Nc8 61. Bb7 Nd6 62. Bd5 f5 63. exf5 Nxf5 64. g4 Nh6 65. Ke3 Nxg4+ 66. Kf3 Nf6 67. Bf7 Kf5 68. Kg3 Ne4+ 69. Kg2 Kf4 70. Bd5 Nc3 71. Bg8 Nd1 72. Bf7 Ne3+ 73. Kf2 g4 74. Bg8 g3+ 75. Kg1 Kf3 76. Be6 Ke4 77. Bg8 Kd3 78. Bf7 Ke2 79. Bh5+ Kd2 80. Bf7 Kc3 81. Bg8 Kd4 82. Be6 Ke5 83. Bf7 Kf4 84. Bg8 Kf3 85. Bf7 g2 86. Be6 Kg3 87. Bf7 Nf5 88. Bg6 Nh4 0-1

[Event "Llobregat Garcia Memorial 7th"]
[Site "Llobregat"]
[Date "2016.05.21"]
[Round "7"]
[White "Lopez Baena, David"]
[Black "Hernandez Hernandez, Patricio"]
[Result "1/2-1/2"]
[WhiteElo "1994"]
[BlackElo "1903"]
[PlyCount "112"]
[EventDate "2016.04.09"]
[EventType "swiss"]
[EventRounds "9"]
[EventCountry "ESP"]
[SourceTitle "EXT 2017"]
[Source "ChessBase"]
[SourceDate "2016.10.25"]
[SourceVersion "1"]
[SourceVersionDate "2016.10.25"]
[SourceQuality "1"]

1. Nf3 Nf6 2. g3 d5 3. Bg2 c6 4. 0-0 Bf5 5. b3 e6 6. Bb2 Bd6 7. d3 Nbd7 8. e4 dxe4 9. dxe4 Nxe4 10. Bxg7 Rg8 11. Bb2 Qc7 12. Nbd2 0-0-0 13. Nxe4 Bxe4 14. Qe2 Bxf3 15. Qxf3 Be5 16. Bxe5 Nxe5 17. Qe3 Kb8 18. Rad1 Ng4 19. Qe2 Nf6 20. c4 Ng4 21. Rxd8+ Qxd8 22. Rd1 Qc7 23. b4 Qe5 24. Bf3 Qxe2 25. Bxe2 Kc7 26. Rd4 f5 27. f3 e5 28. Rd2 Nf6 29. b5 Re8 30. Kf1 Re6 31. Bd1 Rd6 32. Ke2 e4 33. Rxd6 Kxd6 34. bxc6 Kxc6 35. fxe4 fxe4 36. Ke3 Kc5 37. Be2 Kb4 38. g4 h6 39. h4 Ka3 40. g5 hxg5 41. hxg5 Nh7 42. g6 Nf6 43. g7 Kxa2 44. Kd4 Kb3 45. Ke5 Ng8 46. Kxe4 a5 47. Kd4 Kc2 48. c5 a4 49. Bc4 Nf6 50. g8Q Nxg8 51. Bxg8 a3 52. Bc4 Kb2 53. Kd5 Kc3 54. Ba2 Kb2 55. Bc4 Kc3 56. Ba2 Kb2 1/2-1/2

[Event "Cornella de Llobregat Vallve Pinol 3rd"]
[Site "Cornella de Llobregat"]
[Date "2015.11.16"]
[Round "8.8"]
[White "Lopez Baena, David"]
[Black "Calderon Alzate, Ivan Alejandro"]
[Result "0-1"]
[WhiteElo "2134"]
[BlackElo "2030"]
[PlyCount "90"]
[EventDate "2015.09.21"]
[EventType "swiss"]
[EventRounds "9"]
[EventCountry "ESP"]
[SourceTitle "EXT 2024"]
[Source "ChessBase"]
[SourceDate "2023.10.10"]
[SourceVersion "1"]
[SourceVersionDate "2023.10.10"]
[SourceQuality "1"]

1. g3 d5 2. Bg2 e5 3. c4 c6 4. cxd5 cxd5 5. d4 e4 6. Nc3 Nc6 7. Nh3 h6 8. Nf4 Nf6 9. e3 g5 10. Nh5 Nxh5 11. Qxh5 Be6 12. Qe2 Qd7 13. f3 exf3 14. Bxf3 0-0-0 15. Bd2 Kb8 16. Qb5 f5 17. 0-0-0 Bg7 18. Kb1 h5 19. Na4 Nxd4 20. Qxd7 Bxd7 21. exd4 Bxa4 22. b3 g4 23. Bf4+ Ka8 24. Bg2 Bc6 25. Rhe1 Rhe8 26. Be5 Bxe5 27. Rxe5 Rxe5 28. dxe5 d4 29. Bxc6 bxc6 30. Rf1 Rf8 31. Kc2 Kb7 32. Kd3 c5 33. e6 Kc6 34. e7 Re8 35. Rxf5 Rxe7 36. Rxh5 Re3+ 37. Kd2 Rf3 38. Rh4 Rf2+ 39. Kc1 Rxa2 40. Rxg4 Rxh2 41. Rg8 Rg2 42. Rc8+ Kb5 43. Rb8+ Ka5 44. Rb7 a6 45. Rc7 Kb4 0-1

[Event "Cornella de Llobregat Vallve Pinol 3rd"]
[Site "Cornella de Llobregat"]
[Date "2015.11.09"]
[Round "7.10"]
[White "Tortosa Moros, Joan"]
[Black "Lopez Baena, David"]
[Result "1/2-1/2"]
[WhiteElo "1936"]
[BlackElo "2134"]
[PlyCount "49"]
[EventDate "2015.09.21"]
[EventType "swiss"]
[EventRounds "9"]
[EventCountry "ESP"]
[SourceTitle "EXT 2024"]
[Source "ChessBase"]
[SourceDate "2023.10.10"]
[SourceVersion "1"]
[SourceVersionDate "2023.10.10"]
[SourceQuality "1"]

1. e4 c5 2. Nf3 g6 3. c4 Nc6 4. d4 cxd4 5. Nxd4 Nf6 6. Nc3 d6 7. Be2 Nxd4 8. Qxd4 Bg7 9. Be3 0-0 10. Qd2 Be6 11. Rc1 Qa5 12. 0-0 Rfc8 13. b3 a6 14. f3 b5 15. Nd5 Qxd2 16. Bxd2 Nxd5 17. cxd5 Bd4+ 18. Kh1 Bd7 19. Rxc8+ Rxc8 20. Rc1 Rxc1+ 21. Bxc1 f5 22. g4 fxe4 23. fxe4 Kf7 24. Kg2 Kf6 25. h4 1/2-1/2

[Event "Sant Boi Chalmeta Memorial op 23th"]
[Site "Sant Boi de Llobregat"]
[Date "2011.06.03"]
[Round "6.10"]
[White "Duran Burniol, Joan"]
[Black "Lopez Baena, David"]
[Result "1-0"]
[WhiteElo "1948"]
[BlackElo "2041"]
[PlyCount "57"]
[EventDate "2011.04.29"]
[EventType "swiss"]
[EventRounds "8"]
[EventCountry "ESP"]
[SourceTitle "EXT 2024"]
[Source "ChessBase"]
[SourceDate "2023.10.10"]
[SourceVersion "1"]
[SourceVersionDate "2023.10.10"]
[SourceQuality "1"]

1. f4 g6 2. Nf3 Bg7 3. e3 c5 4. d4 b6 5. c3 Nf6 6. Bd3 Bb7 7. 0-0 0-0 8. Nbd2 d6 9. Qe1 Nbd7 10. e4 Qc7 11. d5 Rae8 12. Qg3 e5 13. fxe5 Nxe5 14. Nxe5 Nh5 15. Qh4 Bxe5 16. Nc4 f6 17. Nxe5 fxe5 18. Bh6 Ng7 19. Bb5 Rd8 20. Rxf8+ Rxf8 21. Rf1 Rxf1+ 22. Kxf1 a6 23. Be2 Bc8 24. Kg1 Ne8 25. Bg4 Bxg4 26. Qxg4 Qd8 27. Qe6+ Kh8 28. Qf7 a5 29. Qf8# 1-0

[Event "Sant Boi de Llobregat op 21st"]
[Site "Sant Boi de Llobregat"]
[Date "2009.06.12"]
[Round "7.7"]
[White "Lopez Baena, David"]
[Black "Muntane Rodrigo, Josep Maria"]
[Result "0-1"]
[WhiteElo "2023"]
[BlackElo "1958"]
[PlyCount "92"]
[EventDate "2009.04.24"]
[EventType "swiss"]
[EventRounds "8"]
[EventCountry "ESP"]
[SourceTitle "EXT 2024"]
[Source "ChessBase"]
[SourceDate "2023.10.10"]
[SourceVersion "1"]
[SourceVersionDate "2023.10.10"]
[SourceQuality "1"]

1. e4 c5 2. Nf3 Nf6 3. e5 Nd5 4. c3 Nc6 5. d4 e6 6. c4 Qa5+ 7. Bd2 Ndb4 8. d5 exd5 9. cxd5 Nd4 10. Na3 Qxa3 11. bxa3 Nbc2+ 12. Qxc2 Nxc2+ 13. Kd1 Nxa1 14. Bc3 Be7 15. d6 Bd8 16. Bxa1 0-0 17. Bc4 b5 18. Bxb5 Rb8 19. Bd3 Bb7 20. Ke2 Bd5 21. Rc1 Bb6 22. Bc4 Bxc4+ 23. Rxc4 Rfc8 24. Bc3 Bd8 25. Nd2 f6 26. f4 Kf7 27. Kf3 fxe5 28. fxe5 h6 29. Ke4 Ke6 30. Nb3 Bb6 31. a4 a6 32. a5 Ba7 33. Bd2 Rf8 34. Be3 Rf5 35. Nxc5+ Bxc5 36. Rxc5 Rb4+ 37. Bd4 Rg5 38. h3 Rxg2 39. Rc8 Re2+ 40. Kd3 Rxa2 41. Re8+ Kd5 42. e6 Rxd4+ 43. Kc3 dxe6 44. d7 Ke5 45. d8Q Rxd8 46. Rxd8 Rxa5 0-1

[Event "Sant Boi de Llobregat op 20th"]
[Site "Sant Boi de Llobregat"]
[Date "2008.06.20"]
[Round "8.2"]
[White "Gonzalez Rodriguez, Jorge Armando"]
[Black "Lopez Baena, David"]
[Result "1-0"]
[WhiteElo "2399"]
[BlackElo "2048"]
[PlyCount "59"]
[EventDate "2008.04.25"]
[EventType "swiss"]
[EventRounds "8"]
[EventCountry "ESP"]
[SourceTitle "EXT 2024"]
[Source "ChessBase"]
[SourceDate "2023.10.10"]
[SourceVersion "1"]
[SourceVersionDate "2023.10.10"]
[SourceQuality "1"]

1. b3 e5 2. Bb2 Nc6 3. e3 d6 4. Nf3 Nf6 5. d4 exd4 6. Nxd4 Nxd4 7. Qxd4 Be7 8. c4 0-0 9. Nc3 Nd7 10. Nd5 Bf6 11. Nxf6+ Nxf6 12. Bd3 Ne8 13. 0-0-0 Qe7 14. Bc2 f5 15. h3 Nf6 16. f3 Re8 17. Rhe1 Bd7 18. g4 Qe5 19. gxf5 Qxd4 20. Bxd4 Kf7 21. e4 Bc6 22. Rg1 Re7 23. Rg5 b6 24. Rdg1 Rg8 25. h4 a5 26. a4 h6 27. Bxf6 Kxf6 28. Rg6+ Kf7 29. f6 Rd7 30. f4 1-0

[Event "Sant Boi de Llobregat op 20th"]
[Site "Sant Boi de Llobregat"]
[Date "2008.05.23"]
[Round "4.6"]
[White "Muntane Rodrigo, Josep Maria"]
[Black "Lopez Baena, David"]
[Result "1-0"]
[WhiteElo "1937"]
[BlackElo "2048"]
[PlyCount "89"]
[EventDate "2008.04.25"]
[EventType "swiss"]
[EventRounds "8"]
[EventCountry "ESP"]
[SourceTitle "EXT 2024"]
[Source "ChessBase"]
[SourceDate "2023.10.10"]
[SourceVersion "1"]
[SourceVersionDate "2023.10.10"]
[SourceQuality "1"]

1. d4 Nf6 2. Nf3 e6 3. c4 Bb4+ 4. Bd2 Qe7 5. Nc3 Bxc3 6. Bxc3 Ne4 7. Qc2 Nxc3 8. Qxc3 d6 9. e4 Nd7 10. Bd3 e5 11. 0-0 a5 12. a3 a4 13. c5 dxc5 14. dxe5 0-0 15. e6 Qxe6 16. e5 Qe7 17. Rac1 b6 18. Rfe1 Bb7 19. Bc4 Kh8 20. e6 fxe6 21. Rxe6 Qf7 22. Rce1 Bxf3 23. gxf3 Qh5 24. Re7 Nf6 25. Qc1 Ng4 26. fxg4 Qxg4+ 27. Kf1 Qh3+ 28. Ke2 Qf3+ 29. Kd2 Qxf2+ 30. R1e2 Qd4+ 31. Ke1 Qg1+ 32. Kd2 Rad8+ 33. Kc2 Qg6+ 34. R7e4 Rd4 35. Kc3 Rxe4 36. Qd2 Rxe2 37. Qxe2 Qd6 38. Kc2 Qd4 39. Kb1 Rd8 40. Ka2 h6 41. Qc2 Rf8 42. Qxa4 Rf2 43. Qe8+ Kh7 44. Bg8+ Kh8 45. Bf7+ 1-0

[Event "Barceloneta op"]
[Site "Barcelona"]
[Date "2001.??.??"]
[Round "7"]
[White "Lopez Baena, David"]
[Black "Rasmussen, Casper"]
[Result "1-0"]
[WhiteElo "1700"]
[BlackElo "1700"]
[PlyCount "49"]
[EventDate "2001.09.29"]
[EventType "swiss"]
[EventRounds "9"]
[EventCountry "ESP"]
[SourceTitle "CBM 085 Extra"]
[Source "ChessBase"]
[SourceDate "2002.01.21"]
[SourceVersion "1"]
[SourceVersionDate "2002.01.21"]
[SourceQuality "1"]

1. c4 Nf6 2. Nc3 e6 3. e4 d5 4. e5 Nfd7 5. d4 dxc4 6. Bxc4 c5 7. Nf3 Nc6 8. dxc5 Ndxe5 9. Nxe5 Qxd1+ 10. Kxd1 Nxe5 11. Bb5+ Bd7 12. Bxd7+ Kxd7 13. b4 b6 14. Ke2 bxc5 15. Rd1+ Kc8 16. bxc5 Bxc5 17. Na4 Be7 18. Bf4 f6 19. Rac1+ Kb8 20. Rd7 Ba3 21. Bxe5+ fxe5 22. Rcc7 g6 23. Nc3 a6 24. Na4 Bd6 25. Rb7+ 1-0